Walt Disney Dumbo's book of colors / (Registro nro. 12394)

Detalles MARC
000 -LIDER
fixed length control field 00769nam a22002537a 4500
001 - NÚMERO DE CONTROL
Identificador de número de control 0201004579
003 - IDENTIFICACDOR DE NÚMERO DE CONTROL
control field DO-SdBNP
005 - DATE AND TIME OF LATEST TRANSACTION
control field 20180215143616.0
007 - CAMPOS FIJOS DE DESCRIPCIÓN FÍSICA
fixed length control field 0201004579
008 - ELEMENTOS DE LONGITUD FIJA
fixed length control field 161213b 1988 nyu a ||||| |||| 00| 0 spa d
020 ## - ISBN
International Standard Book Number 0307101703
040 ## - FUENTE DE CATALOGACIÓN
Agencia que crea de manera original el registro BPMSU
Idioma de catalogación spa
Agencia que realiza la transcripción BPMSU
082 ## - NÚMERO DE CLASIFICACIÓN DECIMAL DE DEWEY
Classification number xxxx
Item number xxxx
110 ## - ASIENTO PRINCIPAL--NOMBRE CORPORATIVO
Unidad subordinada Walt Disney Company.
245 00 - MENCIÓN DE TITULO
Título Walt Disney Dumbo's book of colors /
Mención de responsabilidad Walt Disney Company.
260 ## - PUBLICACIÓN, DISTRIBUCIÓN, ETC. (PIE DE IMPRENTA)
Lugar de publicación, distribución, etc Racine, Wisconsin :
Nombre del editor, distribuidor, etc. Western Publishing,
Fecha de publicación, distribución, etc 1988.
300 ## - DESCRIPCIÓN FÍSICA
Extensión [ 24] p. :
Otros detalles físicos il. ;
Dimensiones 17 cm.
490 1# - MENCIÓN DE SERIES
Mención de serie A First little golden book
700 12 - ASIENTO SECUNDARIO -- NOMBRE PERSONAL
Nombre personal Echevarría, Francisco
830 #0 - ASIENTO SECUNDARIO DE SERIE--TÍTULO UNIFORME
Título uniforme A First little golden book
942 ## - ADDED ENTRY ELEMENTS (KOHA)
Source of classification or shelving scheme Dewey Decimal Classification
Koha item type Libros
945 ## - INFORMACIÓN DE PROCESAMIENTO LOCAL
Información de procesamiento local Inventariado, 2018 / BT
956 ## - LOCAL ELECTRONIC LOCATION AND ACCESS (OCLC)
Método de acceso LOPEREZ
Materiales especificados 10
Enlace 20161213
Campo enlazado y núm. de secuencia BPMSU
Nombre de host 00041
Existencias
Withdrawn status Lost status Source of classification or shelving scheme Damaged status Not for loan Collection code Home library Current library Date acquired Source of acquisition Total Checkouts Full call number Barcode Date last seen Price effective from Koha item type
    Dewey Decimal Classification     Colección Infantil General Biblioteca Pública Metropolitana Salomé Ureña Biblioteca Pública Metropolitana Salomé Ureña 12/13/2016 Sin sellar   xxxx xxxx BPMSU16120271 12/13/2016 12/13/2016 Libros